Statistics for Finish that Phrase! "Bag of ___"

Click here to take the quiz!

General Stats

  • This quiz has been taken 26 times
  • The average score is 3 of 9

Answer Stats

Rank"Bag of ___"% Correct
1Chips
75%
4Money
50%
3Groceries
38%
6Food
33%
2Tricks
33%
8Clothes
29%
5Gold
25%
7Bones
21%
9Ice
13%

Score Distribution

Percentile by Number Answered

Percent of People with Each Score

Your Score History

You have not taken this quiz